000 00748nam a2200193 a 4500
001 000011110
005 20200929162349.0
008 091014s1995 pr a 000 0 spa d
040 _aDO-SdBNP
_bspa
_cBNPHU
082 _aPR861.44
_bG216h
100 1 _aGarcía-Rodríguez, José María
_d1912-
_926616
245 1 4 _aUna historia de amor en Caracas del ángel y la bella lesbiana /
_cJosé María García-Rodríguez; prólogo Jaime García-Rodríguez Álvarez.
260 _aPuerto Rico, :
_b[s.n.],
_c1995.
_eRepública Dominicana
_fTaller
300 _a115 p. ; :
_bil. ;
_c23 cm.
650 4 _aPoesía puertorriqueña
_91015
650 4 _aNovela puertorriqueña
_91185
700 1 _aGarcía-Rodríguez Álvarez, Jaime
_epról.
_926617
049 _aBNPD
999 _c10835
_d10835